000 00651nab a2200217 a 4500
005 20210219161330.0
008 991125s1985 mx 000 0 spa u
035 _aUPN01000183111
222 _aREVISTA DE INVESTIGACION EDUCATIVA
245 _aEstilos comunicativos, vinculación universitaria y adaptación psicosocial
260 _aMurcia, España
300 _a387-405
362 0 _a2011 Vol. 29, no. 2, jun.
653 0 _aESTILOS COMUNICATIVOS
653 0 _aVINCULACION UNIVERSITARIA
653 0 _aADAPTACION PSICOSOCIAL
653 0 _aESTUDIANTE UNIVERSITARIO
700 1 _aPrior, Mariano,
700 1 _ecoaut.
905 _aArticulo
999 _c155214
_d155214